000
00273nam a2200097Ia 4500
001
645604
005
20250826153626.0
008
250824s9999 xx 000 0 und d
245
0
_a
SİHİRLİ KRALLIK/KIR ÇİÇEĞİ ORMANI/L2
_c
ROSİE BANKS
260
_b
DOĞAN EGMONT YAYINLARI
999
_c
645604
_d
645604